000 01154nam a2200229Ia 4500
001 L900-39949
003 IT-CnALBA
008 170116s9999||||xx |||||||||||||| ||und||
040 _aIT-CnALBA
_cIT-CnALBA
041 _aITALIANO
100 _aTRANVAGLIA NICOLA
245 0 _aLA STAMPA ITALIANA NELLA ETA' FASCISTA. VOL. IV. CONQUISTA DELLO SPAZIO.
250 _a1a ed.
260 _aMILANO
_bDALL'OGLIO CORBACCIO EDITORE
_c1966 [1° Ed.:1966 - Ed.Ling.Originale: 1966]
300 _a354 p.
500 _aLA STAMPA QUOTIDIANA E AVVENTO DEL REGIME. STAMPA DEL REGIME FASCISTA. LA STAMPA ANTIFASCISTA. INDICAZIONE CONCLUSIVA. PRINCIPALI TESTATE. INDICE ONOMASTICO. INDICE TESTATE. CURATORI CASTRONOVO E TRANVAGLIA.
501 _aSocietà San Paolo EM - Piazza San Paolo, 14 - 12051 ALBA (CN) (non commercial uses only) ® Copyright 2017
520 _aLA STAMPA QUOTIDIANA E AVVENTO DEL REGIME. STAMPA DEL REGIME FASCISTA. LA STAMPA ANTIFASCISTA. INDICAZIONE CONCLUSIVA. PRINCIPALI TESTATE. INDICE ONOMASTICO. INDICE TESTATE. CURATORI CASTRONOVO E TRANVAGLIA.
650 _aSTORIA UNIVERSALE
942 _cBK
957 _71
999 _a44903
_bNO
_g Copie: 1
_c298933
_d298933